Statistics for Chicago Cubs Trivia

Click here to take the quiz!

General Stats

  • This quiz has been taken 1,411 times
    (450 since last reset)
  • The average score is 11 of 16

Answer Stats

QuestionAnswer% Correct
Name of the Cubs' stadium{Wrigley} Field
100%
Cubs slugger who hit 60 home runs in a season three different timesSammy Sosa
91%
Former star who was known as Mr. CubErnie Banks
85%
What a true Cubs fan does when they catch an opposing team's home run{Throw} {it} {Back}
84%
Name one of the five top starting pitchers for the 2016 Word Series champs
Jake Arrieta | Jon Lester |
Kyle Hendricks |
Jason Hammel |
John Lackey
82%
Manager of the 2016 CubsJoe Maddon
75%
Second baseman who was the Cubs' best player for much of the 1980sRyne Sandberg
73%
Curse which supposedly prevented the Cubs from winning
Curse of the {Billy} {Goat}
72%
Cy Young winner in 1992 who left for the Braves the next seasonGreg Maddux
72%
Cubs phenom who struck out 20 batters in a single game in 1998Kerry Wood
71%
Fan who is sometimes blamed for costing the Cubs a trip to the
World Series in 2003
Steve Bartman
53%
President of Baseball Operations for the Cubs from 2011–2020Theo Epstein
50%
Early 1900s Cubs ace who could thrown an unusually good curveball -
thanks to his mangled hand
Mordecai "{Three} {Finger}"
Brown
44%
Cubs first baseman from 1988–2000Mark Grace
40%
Harry Caray's catchphrase
Holy cow /
Let's get some runs
37%
Cubs slugger who wore size 5½ shoes, had a 18" neck, and holds the
Major League record for RBIs in a single season with 191
Hack Wilson
32%

Score Distribution

Percentile by Number Answered

Percent of People with Each Score

Your Score History

You have not taken this quiz since the last reset